Central Library OPAC University of Rajshahi

International and interregional economics / (Record no. 6215)

MARC details
000 -LEADER
fixed length control field 00789nam a2200265 a 4500
001 - CONTROL NUMBER
control field 6215
003 - CONTROL NUMBER IDENTIFIER
rucl marc code BD-RjUL
005 - DATE AND TIME OF LATEST TRANSACTION
control field 20211208234215.0
008 - FIXED-LENGTH DATA ELEMENTS--GENERAL INFORMATION
fixed length control field 140109s1957 nyu 001 0 eng
035 ## - SYSTEM CONTROL NUMBER
System control number (BD-RjUL)6255
System control number (OCoLC)507746
040 ## - CATALOGING SOURCE
Original cataloging agency DLC
Transcribing agency OClU
Modifying agency Uk
-- DLC
-- BD-RjUL
Language of cataloging eng
041 ## - LANGUAGE CODE
Language code of text/sound track or separate title eng
082 ## - DEWEY DECIMAL CLASSIFICATION NUMBER
Classification number 382
Author mark and year HAI 1987
100 1# - MAIN ENTRY--PERSONAL NAME
Personal name Harris, Seymour Edwin,
Dates associated with a name 1897-1974.
9 (RLIN) 7081
245 10 - TITLE STATEMENT
Title International and interregional economics /
Statement of responsibility, etc. Seymour Edwin Harris
260 ## - PUBLICATION, DISTRIBUTION, ETC. (IMPRINT)
Place of publication, distribution, etc. New York :
Name of publisher, distributor, etc. McGraw-Hill,
Date of publication, distribution, etc. c1957 [reprint 1987]
300 ## - PHYSICAL DESCRIPTION
Pagination xiv, 564p. ;
Size 21 cm.
490 0# - SERIES STATEMENT
Series statement Economics handbook series
504 ## - BIBLIOGRAPHY, ETC. NOTE
Bibliography, etc Includes index.
650 #0 - SUBJECT ADDED ENTRY--TOPICAL TERM
Topical term or geographic name as entry element Foreign trade
9 (RLIN) 19547
Topical term or geographic name as entry element International economic relations
9 (RLIN) 160063
942 ## - ADDED ENTRY ELEMENTS (KOHA)
Source of classification or shelving scheme Dewey Decimal Classification
Koha item type Books
Holdings
Lost status Source of classification or shelving scheme Damaged status Not for loan Collection code Permanent Location Current Location Shelving location Date acquired Source of acquisition Cost, normal purchase price Total Checkouts Full call number Date last seen Copy number Koha item type
  Dewey Decimal Classification     Non-fiction Central Library, University of Rajshahi Central Library, University of Rajshahi   15/11/1965 Zeitlinger 40.00   382 HAI 1987 09/01/2014 C-6 Books
  Dewey Decimal Classification     Non-fiction Central Library, University of Rajshahi Central Library, University of Rajshahi   09/05/1967 American Books and subscription Agency 19.75   382 HAI 1987 27/08/2016 C-2 Books
  Dewey Decimal Classification     Non-fiction Central Library, University of Rajshahi Central Library, University of Rajshahi   23/10/1962 Zeitlinger 58.00   382 HAI 1987 19/09/2016 C-3 Books
  Dewey Decimal Classification     Non-fiction Central Library, University of Rajshahi Central Library, University of Rajshahi   23/10/1962 Zeitlinger 58.00   382 HAI 1987 19/09/2016 C-4 Books
  Dewey Decimal Classification     Non-fiction Central Library, University of Rajshahi Central Library, University of Rajshahi   22/07/1959 Mc-Grow hill 12.60   382 HAI 1957 19/09/2016 C-5 Books
  Dewey Decimal Classification     Non-fiction Central Library, University of Rajshahi Central Library, University of Rajshahi   21/08/1973 Book centre 37.80   382 HAI 1957 17/10/2016 C-1 Books
  Dewey Decimal Classification     Non-fiction Central Library, University of Rajshahi Central Library, University of Rajshahi   21/08/1973 Book centre 37.80   382 HAI 1957 17/10/2016 C-7 Books
  Dewey Decimal Classification     Non-fiction Central Library, University of Rajshahi Central Library, University of Rajshahi   21/08/1973 Book centre 37.80   382 HAI 1957 17/10/2016 C-8 Books
  Dewey Decimal Classification     Non-fiction Central Library, University of Rajshahi Central Library, University of Rajshahi   09/05/1961 Book centre 37.80   382 HAI 1957 17/10/2016 C-9 Books
  Dewey Decimal Classification     Non-fiction Central Library, University of Rajshahi Central Library, University of Rajshahi   22/07/1959 Mcgraw hill 12.60   382 HAI 1957 03/01/2017 C-10 Books